Statistics for ALL Countries That Participated in World War 1

Click here to take the quiz!

General Stats

  • This quiz has been taken 437 times
    (407 since last reset)
  • The average score is 18 of 23

Answer Stats

Answer% Correct
Germany
100%
British Empire
98%
Austria-Hungary
96%
France
96%
United States of America
96%
Russia
93%
Italy
92%
Canada
86%
Japan
86%
Bulgaria
83%
Ottoman Empire
83%
Australia
82%
Belgium
81%
Serbia
81%
New Zealand
74%
Romania
74%
Greece
73%
Portugal
66%
Albania
60%
Montenegro
58%
South Africa
55%
Luxembourg
51%
Newfoundland
26%

Score Distribution

Percentile by Number Answered

Percent of People with Each Score

Your Score History

You have not taken this quiz since the last reset